[Event "BL2-Nord 2122"]
[Site "Germany"]
[Date "2022.04.30"]
[Round "3.4"]
[White "Socko, Monika"]
[Black "Miletic, Vuk"]
[Result "1-0"]
[WhiteElo "2395"]
[BlackElo "2207"]
[PlyCount "157"]
[EventDate "2022.03.05"]
[EventType "team-tourn"]
[EventRounds "10"]
[EventCountry "GER"]
[SourceTitle "EXT 2023"]
[Source "ChessBase"]
[SourceDate "2022.10.05"]
[SourceVersion "1"]
[SourceVersionDate "2022.10.05"]
[SourceQuality "1"]
[WhiteTeam "St Pauli"]
[BlackTeam "Lingen"]
[WhiteTeamCountry "GER"]
[BlackTeamCountry "GER"]

1. d4 d5 2. c4 e6 3. g3 Nf6 4. Bg2 Be7 5. Nf3 0-0 6. 0-0 dxc4 7. Ne5 Qd6 8. Nxc4 Qa6 9. Qc2 Nc6 10. e3 Nb4 11. Qb3 Bd7 12. Nc3 c5 13. Ne5 Be8 14. dxc5 Bxc5 15. Rd1 Nc6 16. Bf1 Qa5 17. Nc4 Qc7 18. Bd2 Rd8 19. Rac1 Be7 20. Bg2 Qb8 21. a4 Nb4 22. Ra1 Bc6 23. e4 Bc5 24. Bf4 Rxd1+ 25. Rxd1 Qa8 26. Ne5 Qc8 27. Nxc6 Nxc6 28. h3 Nd4 29. Qc4 e5 30. Be3 Ne6 31. Nd5 Nxd5 32. exd5 Bxe3 33. Qxc8 Rxc8 34. dxe6 Bd4 35. Bxb7 Rc7 36. exf7+ Kxf7 37. Bd5+ Ke7 38. Rd2 Rc1+ 39. Kg2 Rb1 40. b3 h6 41. Rd3 Kd6 42. Ba8 Rb2 43. Rf3 a5 44. h4 Rc2 45. Be4 Re2 46. Bg6 Rb2 47. Bh7 Ke7 48. Bg8 Kd6 49. Rf8 Bb6 50. Bh7 Ke7 51. Rf3 Bd4 52. g4 Rd2 53. Bg6 Ke6 54. Kg3 Re2 55. Bd3 Rd2 56. Bc4+ Kd6 57. Rf5 Rc2 58. g5 hxg5 59. hxg5 Rc1 60. Kg4 Rh1 61. Rf7 e4 62. Rf5 Be5 63. f4 exf3 64. Rxf3 Rh8 65. Rd3+ Ke7 66. Kf5 Bb2 67. Re3+ Kd8 68. Kg6 Re8 69. Rd3+ Kc7 70. Rd2 Ba1 71. Kf7 Rd8 72. Rc2 Rd7+ 73. Kg8 Rd8+ 74. Kh7 Rd6 75. Rf2 Rd7 76. Rf5 Bc3 77. Bb5 g6+ 78. Bxd7 gxf5 79. Bxf5 1-0

[Event "BL2-Nord 2122"]
[Site "Germany"]
[Date "2022.03.05"]
[Round "1.4"]
[White "Miletic, Vuk"]
[Black "Licznerski, Lukasz"]
[Result "0-1"]
[WhiteElo "2207"]
[BlackElo "2436"]
[PlyCount "56"]
[EventDate "2022.03.05"]
[EventType "team-tourn"]
[EventRounds "10"]
[EventCountry "GER"]
[SourceTitle "EXT 2023"]
[Source "ChessBase"]
[SourceDate "2022.10.05"]
[SourceVersion "1"]
[SourceVersionDate "2022.10.05"]
[SourceQuality "1"]
[WhiteTeam "Lingen"]
[BlackTeam "Norderstedt"]
[WhiteTeamCountry "GER"]
[BlackTeamCountry "GER"]

1. d4 Nf6 2. Nf3 g6 3. Nbd2 d5 4. e3 Bg7 5. b4 Bg4 6. Be2 Nbd7 7. 0-0 Nb6 8. h3 Bxf3 9. Bxf3 e5 10. a4 exd4 11. exd4 0-0 12. a5 Nc8 13. a6 b6 14. c4 c6 15. c5 Re8 16. Qc2 Ne7 17. Bb2 b5 18. Rfe1 Qd7 19. Qd3 h5 20. Re2 Nf5 21. g3 Rxe2 22. Bxe2 Re8 23. Nf3 Ne4 24. Bf1 Qc7 25. Bc1 Nxf2 26. Bf4 Qxf4 27. gxf4 Nxd3 28. Bxd3 Nxd4 0-1

[Event "MNT-ch 74th"]
[Site "Podgorica"]
[Date "2022.02.20"]
[Round "2"]
[White "Pecurica, Milos"]
[Black "Miletic, Vuk"]
[Result "1-0"]
[WhiteElo "2335"]
[BlackElo "2196"]
[PlyCount "83"]
[EventDate "2022.02.19"]
[EventType "swiss"]
[EventRounds "9"]
[EventCountry "MNE"]
[SourceTitle "EXT 2023"]
[Source "ChessBase"]
[SourceDate "2022.10.05"]
[SourceVersion "1"]
[SourceVersionDate "2022.10.05"]
[SourceQuality "1"]

1. e4 c5 2. Nf3 g6 3. c3 Nf6 4. e5 Nd5 5. d4 cxd4 6. Qxd4 Nb6 7. h4 Nc6 8. Qe4 d5 9. Qf4 Bg7 10. h5 Qc7 11. Bb5 Be6 12. h6 Bf8 13. Nbd2 Nd7 14. Nb3 0-0-0 15. Bxc6 Qxc6 16. Nbd4 Qa6 17. Nxe6 Qxe6 18. Ng5 Qxe5+ 19. Qxe5 Nxe5 20. f4 f6 21. fxe5 fxg5 22. Bxg5 Rd7 23. e6 Rd6 24. 0-0-0 Rxe6 25. Rxd5 b6 26. Rhd1 Rd6 27. Rxd6 exd6 28. Rf1 Kd7 29. Rf7+ Ke6 30. Rxa7 d5 31. Ra8 Kf5 32. Be3 d4 33. cxd4 Bg7 34. Rxh8 Bxh8 35. a4 Ke4 36. Kd2 Bf6 37. b3 Be7 38. Ke2 Bd6 39. d5 Bc7 40. d6 Bd8 41. d7 Kd5 42. Kd3 1-0

[Event "Online Olym Div2 C"]
[Site "Chess.com INT"]
[Date "2021.09.02"]
[Round "3.4"]
[White "Parkhov, Yair"]
[Black "Miletic, Vuk"]
[Result "1-0"]
[WhiteElo "2434"]
[BlackElo "2249"]
[PlyCount "63"]
[EventDate "2021.09.02"]
[EventType "team (rapid)"]
[EventRounds "9"]
[EventCountry "USA"]
[SourceTitle "CBM 204 Extra"]
[Source "ChessBase"]
[SourceDate "2021.11.30"]
[SourceVersion "1"]
[SourceVersionDate "2021.11.30"]
[SourceQuality "1"]
[WhiteTeam "Israel"]
[BlackTeam "Montenegro"]
[WhiteTeamCountry "ISR"]
[BlackTeamCountry "MNE"]

1. e4 c5 2. Nf3 d6 3. d4 cxd4 4. Nxd4 Nf6 5. Nc3 g6 6. Be3 a6 7. f3 b5 8. Qd2 Bb7 9. g4 h6 10. h4 Nbd7 11. Rg1 Rc8 12. g5 hxg5 13. hxg5 Nh5 14. 0-0-0 Bg7 15. Kb1 Ne5 16. f4 Nc4 17. Bxc4 Rxc4 18. f5 Qa8 19. Qd3 Be5 20. fxg6 fxg6 21. Nd5 Bxd5 22. exd5 Qxd5 23. Qxg6+ Qf7 24. Qe4 Rc8 25. Rgf1 Qc4 26. Qg6+ Kd7 27. Nf3 Bg7 28. Rf2 Qe6 29. Qd3 Ng3 30. Bd4 Bxd4 31. Nxd4 Qh3 32. Rf3 1-0

[Event "MNT-chT 1st League"]
[Site "Sutomore"]
[Date "2021.08.02"]
[Round "4.3"]
[White "Miletic, Vuk"]
[Black "Krstonijevic, Stjepan"]
[Result "0-1"]
[WhiteElo "2247"]
[BlackElo "2138"]
[PlyCount "68"]
[EventDate "2021.07.31"]
[EventType "team-tourn"]
[EventRounds "9"]
[EventCountry "MNE"]
[SourceTitle "EXT 2022"]
[Source "ChessBase"]
[SourceDate "2021.10.06"]
[SourceVersion "1"]
[SourceVersionDate "2021.10.06"]
[SourceQuality "1"]
[WhiteTeam "Elektroprivreda"]
[BlackTeam "Rudar"]
[WhiteTeamCountry "MNE"]
[BlackTeamCountry "MNE"]

1. d4 d5 2. Bf4 Nf6 3. e3 e6 4. Nd2 c5 5. c3 Nc6 6. Ngf3 Bd6 7. Bg3 Qe7 8. Ne5 Bxe5 9. dxe5 Nd7 10. Bb5 a6 11. Qa4 Ndb8 12. Nf3 Bd7 13. Bh4 f6 14. Bxc6 Bxc6 15. exf6 gxf6 16. Qf4 Nd7 17. 0-0-0 0-0-0 18. Bg3 e5 19. Qf5 Kb8 20. Nd2 h5 21. f3 Rdg8 22. Rhg1 h4 23. Be1 c4 24. Qc2 Nc5 25. b3 Nd3+ 26. Kb1 Qc5 27. Nf1 Be8 28. Ka1 Bg6 29. Qd2 Qa3 30. bxc4 dxc4 31. e4 Rd8 32. Ne3 Nxe1 33. Qxe1 Rxd1+ 34. Nxd1 Qc1# 0-1

[Event "MNT-chT 1st League"]
[Site "Sutomore"]
[Date "2021.08.01"]
[Round "3.2"]
[White "Savic, Vladimir"]
[Black "Miletic, Vuk"]
[Result "0-1"]
[WhiteElo "1944"]
[BlackElo "2247"]
[PlyCount "69"]
[EventDate "2021.07.31"]
[EventType "team-tourn"]
[EventRounds "9"]
[EventCountry "MNE"]
[SourceTitle "EXT 2022"]
[Source "ChessBase"]
[SourceDate "2021.10.06"]
[SourceVersion "1"]
[SourceVersionDate "2021.10.06"]
[SourceQuality "1"]
[WhiteTeam "Berane"]
[BlackTeam "Elektroprivreda"]
[WhiteTeamCountry "MNE"]
[BlackTeamCountry "MNE"]

1. d4 Nf6 2. Nf3 e6 3. c4 a6 4. g3 b5 5. cxb5 axb5 6. Bg2 Bb7 7. Bf4 Be7 8. Nc3 b4 9. Nb5 d6 10. a3 Qd7 11. Nxc7+ Qxc7 12. axb4 0-0 13. 0-0 Qb6 14. Rxa8 Bxa8 15. Qa4 Bc6 16. Qa5 Qb7 17. Rc1 Nbd7 18. Ne1 Bxg2 19. Nxg2 Ra8 20. Qg5 Qxb4 21. Ne3 Qxb2 22. Ng2 Qxe2 23. Re1 Qd3 24. Be3 h6 25. Qh4 Nd5 26. Qg4 Nxe3 27. Nf4 Qf1+ 28. Rxf1 Nxg4 29. Rc1 d5 30. Nd3 Ngf6 31. f4 Bd8 32. Nb4 Bb6 33. Kf2 Bxd4+ 34. Ke2 Bc5 35. Kd3 0-1

[Event "MNT-chT 1st League"]
[Site "Sutomore"]
[Date "2021.07.31"]
[Round "1.1"]
[White "Popadic, Dragan"]
[Black "Miletic, Vuk"]
[Result "1/2-1/2"]
[WhiteElo "2155"]
[BlackElo "2247"]
[PlyCount "108"]
[EventDate "2021.07.31"]
[EventType "team-tourn"]
[EventRounds "9"]
[EventCountry "MNE"]
[SourceTitle "EXT 2022"]
[Source "ChessBase"]
[SourceDate "2021.10.06"]
[SourceVersion "1"]
[SourceVersionDate "2021.10.06"]
[SourceQuality "1"]
[WhiteTeam "Mimoza"]
[BlackTeam "Elektroprivreda"]
[WhiteTeamCountry "MNE"]
[BlackTeamCountry "MNE"]

1. e4 e6 2. Nf3 d5 3. e5 c5 4. b4 cxb4 5. d4 Bd7 6. Bd3 Qa5 7. 0-0 Bb5 8. Bxb5+ Qxb5 9. a3 Nc6 10. axb4 Bxb4 11. c3 Be7 12. Na3 Bxa3 13. Bxa3 Nge7 14. Qc2 Qb6 15. Rfb1 Qc7 16. Bc5 Qc8 17. Qb3 b6 18. Bxe7 Nxe7 19. Qa4+ Nc6 20. Rxb6 axb6 21. Qxa8 0-0 22. Qxc8 Rxc8 23. Rb1 Rb8 24. Kf1 Kf8 25. Ke2 Ke7 26. Ne1 Na5 27. Nd3 Kd7 28. Nc5+ Kc6 29. Nd3 Ra8 30. Ra1 Kb5 31. Kd1 Rc8 32. Kc2 Kc6 33. Ra4 Kb7 34. Ra1 Nc6 35. Kb2 Na7 36. Ra3 Nc6 37. Ra1 Na5 38. Kc2 Nc6 39. Kb2 Ne7 40. g3 Nc6 41. Ra3 Re8 42. Ra1 Na5 43. Kc2 Nc4 44. Nb4 Rf8 45. Nd3 Na5 46. Rb1 Kc7 47. Ra1 Nc6 48. Kd2 Kb7 49. Kc2 Rc8 50. Kd2 Rc7 51. Ra2 Na7 52. Ra3 Rc4 53. Nb2 Rc8 54. Nd3 Rc4 1/2-1/2

[Event "Mediterranean-ch 11th"]
[Site "Petrovac"]
[Date "2021.06.20"]
[Round "2"]
[White "Miletic, Vuk"]
[Black "Zaibi, Amir"]
[Result "1/2-1/2"]
[WhiteElo "2204"]
[BlackElo "2396"]
[PlyCount "110"]
[EventDate "2021.06.19"]
[EventType "swiss"]
[EventRounds "9"]
[EventCountry "MNE"]
[SourceTitle "CBM 203 Extra"]
[Source "ChessBase"]
[SourceDate "2021.09.30"]
[SourceVersion "1"]
[SourceVersionDate "2021.09.30"]
[SourceQuality "1"]

1. d4 d5 2. c4 e6 3. Nc3 Be7 4. Nf3 Nf6 5. Bf4 0-0 6. e3 c5 7. dxc5 Bxc5 8. Be2 Nc6 9. 0-0 a6 10. cxd5 Nxd5 11. Nxd5 exd5 12. Qc2 Ba7 13. Rfd1 h6 14. Qb3 Qf6 15. Qxd5 Qxb2 16. Qd2 Qxd2 17. Rxd2 Bb8 18. Bxb8 Rxb8 19. Rd6 Rd8 20. Rxd8+ Nxd8 21. Nd4 Bd7 22. Rc1 Rc8 23. Rxc8 Bxc8 24. Kf1 Kf8 25. Ke1 Ke7 26. Kd2 Kd6 27. Kc3 Nc6 28. Nxc6 Kxc6 29. Kd4 b5 30. Bf3+ Kd6 31. Bd5 f6 32. e4 g5 33. f3 a5 34. g3 b4 35. f4 gxf4 36. gxf4 a4 37. e5+ fxe5+ 38. fxe5+ Ke7 39. Kc4 b3 40. axb3 axb3 41. Kxb3 Bf5 42. Kc3 Bb1 43. Kd4 Bf5 44. Ke3 Bc2 45. Kf4 Bg6 46. Be4 Be8 47. Bf5 Bh5 48. Bg4 Bg6 49. Bc8 Be8 50. Kf5 Bh5 51. Ba6 Be8 52. h4 Bf7 53. Be2 Be8 54. e6 Bf7 55. Bc4 Be8 1/2-1/2